Statistics for Closest Country by City #1

Click here to take the quiz!

General Stats

  • This quiz has been taken 3,293 times
  • The average score is 12 of 25

Answer Stats

CitymikmCountry% Correct
New York City247398Canada
100%
Hong Kong378608Taiwan
82%
London86139France
76%
Venice5792Croatia
69%
Johannesburg149239Botswana
65%
Buenos Aires3049Uruguay
64%
Kolkata3557Bangladesh
63%
Cairo197317Israel
62%
Istanbul83134Bulgaria
60%
Budapest2438Slovakia
58%
Lagos4268Benin
57%
Male378609India
51%
Sapporo262421Russia
44%
Guantanamo114184Haiti
42%
Tehran180290Turkmenistan
40%
Cancun131211Cuba
36%
Vilnius1829Belarus
35%
Manaus308496Guyana
30%
Larnaca85136Turkey
30%
Chengdu388624Burma
27%
Gdansk4166Russia
27%
Auckland11861909Vanuatu
26%
Mecca163262Sudan
25%
Juba71115Uganda
22%
Mosul64103Turkey
17%

Score Distribution

Percentile by Number Answered

Percent of People with Each Score

Your Score History

You have not taken this quiz